High-performance liquid chromatography and mass spectrometry of porphyrins, chlorophylls and bilins
This book focuses on tetrapyrrole compounds such as porphyrins, chlorophylls, and bilins, which are essential in biological systems and widely applied in food, cosmetics, biotechnology, pharmaceuticals, and medicine. It provides practical HPLC and HPLC/MS protocols along with detailed chromatographi...
Gardado en:
| Autor Principal: | |
|---|---|
| Formato: | Libro |
| Idioma: | Vietnamese |
| Publicado: |
Singapore
World Scientific
2010
|
| Những chủ đề: | |
| Các nhãn: |
Engadir etiqueta
Sen Etiquetas, Sexa o primeiro en etiquetar este rexistro!
|
| Thư viện lưu trữ: | Thư viện Trường Đại học Nam Cần Thơ |
|---|
| LEADER | 01573nam a22002057a 4500 | ||
|---|---|---|---|
| 001 | NCT_4_028381 | ||
| 008 | 251101b xxu||||| |||| 00| 0 vie d | ||
| 999 | |c 9418 |d 9418 | ||
| 020 | |a 9789810230685 |c $114.00 | ||
| 082 | 0 | 4 | |2 23rd ed. |a 547 |b L732/Vol.2 |
| 100 | 1 | |a Lim, Chang Kee | |
| 245 | 1 | 0 | |a High-performance liquid chromatography and mass spectrometry of porphyrins, chlorophylls and bilins |c Chang Kee Lim |
| 260 | |a Singapore |b World Scientific |c 2010 | ||
| 300 | |a xii, 232 p. |b ill. |c 24 cm | ||
| 504 | |a Includes bibliographical references and index | ||
| 520 | 3 | |a This book focuses on tetrapyrrole compounds such as porphyrins, chlorophylls, and bilins, which are essential in biological systems and widely applied in food, cosmetics, biotechnology, pharmaceuticals, and medicine. It provides practical HPLC and HPLC/MS protocols along with detailed chromatographic and mass spectrometric reference data for the analysis, identification, and characterization of these compounds in biological and clinical samples. The content covers method development and optimization, sample preparation, and guidance on avoiding artifacts during sample processing. The book is intended for analysts and researchers working in biochemical analysis, separation, and characterization of natural and synthetic tetrapyrroles. | |
| 653 | |a Y đa khoa | ||
| 942 | |2 ddc |c BK | ||
| 952 | |0 0 |1 0 |2 ddc |4 0 |6 547_000000000000000_L732_VOL_2 |7 0 |9 31554 |a 000001 |b 000001 |d 2025-11-01 |o 547 L732/Vol.2 |p MD.24484 |r 2025-11-01 |v 114.00 |w 2025-11-01 |y BK | ||
| 980 | |a Thư viện Trường Đại học Nam Cần Thơ | ||


